| 000 | 00626nam a2200217Ia 4500 | ||
|---|---|---|---|
| 003 | IIN | ||
| 005 | 20250521112346.0 | ||
| 008 | 250521s2023 xx ad 001 0 eng d | ||
| 020 |
_cRs.975.00 _a9788131267363 |
||
| 040 |
_aIIN _bEnglish |
||
| 082 |
_a362.10425 _bPAT |
||
| 100 | 1 | _aPatil, Rajkumar | |
| 245 | 1 |
_aCommunity Medicine _bPractical Manual with Viva/ _cRajkumar Patil |
|
| 250 | _a2nd ed. | ||
| 260 |
_aNew Delhi _bElsevier _c2023 |
||
| 300 |
_axii, 407 p. _bcol. ill. |
||
| 500 | _aIncludes Index | ||
| 650 | 1 |
_aCommunity health nursing _vPractice |
|
| 650 | 1 |
_aCommunity health services _vPractice |
|
| 942 | _cBOOK | ||
| 999 |
_c1827 _d1827 |
||